[Event "SWE-chT 1920 Elite"]
[Site "Sweden"]
[Date "2020.10.18"]
[Round "7.3"]
[White "Alle, Ambjorn"]
[Black "Hjelm, Niclas"]
[Result "1-0"]
[WhiteElo "2256"]
[BlackElo "2309"]
[PlyCount "95"]
[EventDate "2019.10.18"]
[EventType "team-tourn"]
[EventRounds "9"]
[EventCountry "SWE"]
[SourceTitle "EXT 2022"]
[Source "ChessBase"]
[SourceDate "2021.10.06"]
[SourceVersion "1"]
[SourceVersionDate "2021.10.06"]
[SourceQuality "1"]
[WhiteTeam "Vaxjo"]
[BlackTeam "Farsta"]
[WhiteTeamCountry "SWE"]
[BlackTeamCountry "SWE"]

1. c4 e5 2. Nc3 Bb4 3. Nd5 a5 4. a3 Be7 5. g3 Nf6 6. Nxe7 Qxe7 7. Bg2 0-0 8. d3 a4 9. e3 Rd8 10. Nf3 Nc6 11. 0-0 d5 12. cxd5 Rxd5 13. d4 e4 14. Nd2 Bf5 15. b3 axb3 16. Qxb3 Na5 17. Qc2 Re8 18. Bb2 Qd7 19. Rfc1 c6 20. Bc3 Bh3 21. Bh1 h5 22. Bxa5 Rxa5 23. Nxe4 Nxe4 24. Bxe4 h4 25. Bh1 hxg3 26. hxg3 Rh5 27. Qe2 Bg4 28. Bf3 f5 29. Rc5 Rh6 30. Re5 Rxe5 31. dxe5 Qe6 32. Bxg4 fxg4 33. Qa2 Kf7 34. a4 b6 35. Qxe6+ Rxe6 36. a5 bxa5 37. Rxa5 Kg6 38. e4 Kh5 39. Kf1 g5 40. Ke2 c5 41. Rxc5 Rc6 42. Rd5 Rc2+ 43. Ke3 Rc3+ 44. Rd3 Rc5 45. Kd4 Rc2 46. e6 Kg6 47. Ke5 Rxf2 48. Rd8 1-0

[Event "SWE-chT 1718 Elite"]
[Site "Sweden"]
[Date "2018.01.13"]
[Round "4"]
[White "Seo, Jung Min"]
[Black "Hjelm, Niclas"]
[Result "1/2-1/2"]
[WhiteElo "2435"]
[BlackElo "2358"]
[PlyCount "114"]
[EventDate "2017.10.20"]
[EventType "team-tourn"]
[EventRounds "9"]
[EventCountry "SWE"]
[SourceTitle "EXT 2019"]
[Source "ChessBase"]
[SourceDate "2018.10.10"]
[SourceVersion "1"]
[SourceVersionDate "2018.10.10"]
[SourceQuality "1"]
[WhiteTeam "Stockholm SS"]
[BlackTeam "Farsta"]
[WhiteTeamCountry "SWE"]
[BlackTeamCountry "SWE"]

1. e4 e5 2. Nf3 Nc6 3. d4 exd4 4. Nxd4 Qf6 5. Nxc6 Bc5 6. Qf3 dxc6 7. Nc3 Be6 8. Be3 Bb4 9. Qxf6 Nxf6 10. Bd2 0-0-0 11. f3 Nd7 12. 0-0-0 f5 13. exf5 Bxf5 14. Ne4 Bxd2+ 15. Nxd2 Rhe8 16. Nc4 Nc5 17. Rxd8+ Kxd8 18. Kd2 Bg6 19. g3 Bf7 20. b3 Bd5 21. Be2 b6 22. Ne3 a5 23. Re1 g6 24. Rf1 Be6 25. Bc4 Bd7 26. a3 b5 27. Be2 a4 28. b4 Ne6 29. Ng4 Nd4 30. Bd1 Be6 31. f4 Bxg4 32. Bxg4 h5 33. Bd1 Kd7 34. c3 Nf5 35. Be2 Ke7 36. Bd3 Kf6 37. Rc1 Rd8 38. Re1 Nd6 39. Kc2 Re8 40. Rxe8 Nxe8 41. Kd2 g5 42. fxg5+ Kxg5 43. Ke3 Nf6 44. h3 h4 45. gxh4+ Kxh4 46. Kd4 Kxh3 47. Be4 Nxe4 48. Kxe4 Kg4 49. Kd4 Kf4 50. Kc5 Ke4 51. Kxc6 Kd3 52. Kxb5 Kxc3 53. Kxa4 Kb2 54. b5 Kc3 55. Ka5 Kb3 56. Ka6 Ka4 57. Kb7 Kxb5 1/2-1/2

[Event "SWE-chT 1617"]
[Site "Sweden"]
[Date "2016.10.15"]
[Round "2.5"]
[White "Hjelm, Niclas"]
[Black "Nilsson, Anders1111"]
[Result "1-0"]
[WhiteElo "2355"]
[BlackElo "2204"]
[PlyCount "79"]
[EventDate "2016.10.14"]
[EventType "team-tourn"]
[EventRounds "9"]
[EventCountry "SWE"]
[SourceTitle "EXT 2017"]
[Source "ChessBase"]
[SourceDate "2016.10.25"]
[SourceVersion "1"]
[SourceVersionDate "2016.10.25"]
[SourceQuality "1"]
[WhiteTeam "Farsta"]
[BlackTeam "Malmo"]
[WhiteTeamCountry "SWE"]
[BlackTeamCountry "SWE"]

1. d4 e6 2. Nf3 Nf6 3. c4 Bb4+ 4. Nbd2 b6 5. e3 Bb7 6. Bd3 0-0 7. 0-0 c5 8. a3 Bxd2 9. Bxd2 d6 10. dxc5 bxc5 11. Qc2 Nbd7 12. Bc3 Qc7 13. Rfd1 Ne5 14. Bxe5 dxe5 15. Ng5 g6 16. Ne4 Bxe4 17. Bxe4 Rad8 18. h3 Rxd1+ 19. Rxd1 Rd8 20. Rxd8+ Qxd8 21. b4 Qd6 22. b5 Kf8 23. Bf3 e4 24. Bxe4 Qe5 25. Bf3 Qa1+ 26. Qd1 Qxa3 27. Qd6+ Kg7 28. Qe5 Qc1+ 29. Kh2 Qxc4 30. g4 h6 31. h4 Qf1 32. Kg3 Qb1 33. g5 hxg5 34. hxg5 Qf5 35. gxf6+ Kh6 36. Qxf5 gxf5 37. Kf4 c4 38. Bd1 Kg6 39. Ke5 Kg5 40. f4+ 1-0

[Event "SWE-chT 1516"]
[Site "Sweden"]
[Date "2015.11.07"]
[Round "2.1"]
[White "Hjelm, Niclas"]
[Black "Agrest, Evgenij"]
[Result "1/2-1/2"]
[WhiteElo "2311"]
[BlackElo "2596"]
[PlyCount "144"]
[EventDate "2015.11.06"]
[EventType "team-tourn"]
[EventRounds "9"]
[EventCountry "SWE"]
[SourceTitle "CBM 169 Extra"]
[Source "ChessBase"]
[SourceDate "2015.12.18"]
[SourceVersion "1"]
[SourceVersionDate "2015.12.18"]
[SourceQuality "1"]
[WhiteTeam "Farsta"]
[BlackTeam "Stockholm Viking"]
[WhiteTeamCountry "SWE"]
[BlackTeamCountry "SWE"]

1. d4 d5 2. Nf3 Nf6 3. c4 c6 4. e3 a6 5. Nc3 e6 6. b3 Bb4 7. Bd2 Bd6 8. Bd3 c5 9. cxd5 exd5 10. 0-0 0-0 11. e4 cxd4 12. Nxd5 Nxd5 13. exd5 Bg4 14. h3 Bh5 15. g4 Bg6 16. Bxg6 hxg6 17. Rc1 Ba3 18. Rc4 Qxd5 19. Rxd4 Qb5 20. Be3 a5 21. Rd5 Qa6 22. Ne5 Be7 23. Qd3 Qe6 24. Rd1 Na6 25. Rxa5 Rfd8 26. Qf1 Rxd1 27. Qxd1 Rd8 28. Qf3 Nb4 29. Rb5 Nxa2 30. Nc4 Qc6 31. Qxc6 bxc6 32. Rb7 Bf6 33. g5 Bc3 34. Bc5 Rd5 35. Be7 Rb5 36. Ra7 Bb4 37. Ra8+ Kh7 38. Rxa2 Bxe7 39. Ra7 Bxg5 40. Rxf7 Rxb3 41. Rc7 Rxh3 42. Rxc6 Rb3 43. Nd6 Bf4 44. Kg2 Rb4 45. Kf3 g5 46. Ne4 Ra4 47. Rb6 Rc4 48. Ra6 Bc1 49. Re6 Rc8 50. Kg4 Rf8 51. Nxg5+ Bxg5 52. Kxg5 Rxf2 53. Ra6 Rb2 54. Rc6 Rb5+ 55. Kg4 g6 56. Rc8 Kg7 57. Rc7+ Kh6 58. Rc4 Rb1 59. Rc5 Rb4+ 60. Kg3 Ra4 61. Rb5 Ra1 62. Rc5 Rg1+ 63. Kh2 Re1 64. Ra5 Re3 65. Rb5 g5 66. Rb4 Kg6 67. Rb5 Kh5 68. Rb4 Ra3 69. Kg2 Rc3 70. Ra4 Rb3 71. Rc4 g4 72. Rc8 Kh4 1/2-1/2

[Event "SWE-chT 1415 Elite"]
[Site "Sweden"]
[Date "2015.03.07"]
[Round "6"]
[White "Hedman, Erik"]
[Black "Hjelm, Niclas"]
[Result "1/2-1/2"]
[WhiteElo "2375"]
[BlackElo "2321"]
[PlyCount "69"]
[EventDate "2014.11.21"]
[EventType "team-tourn"]
[EventRounds "9"]
[EventCountry "SWE"]
[SourceTitle "EXT 2018"]
[Source "ChessBase"]
[SourceDate "2017.10.13"]
[SourceVersion "1"]
[SourceVersionDate "2017.10.13"]
[SourceQuality "1"]
[WhiteTeam "Stockholm Rockaden"]
[BlackTeam "Farsta"]
[WhiteTeamCountry "SWE"]
[BlackTeamCountry "SWE"]

1. d4 d5 2. c4 c6 3. Nf3 Nf6 4. Nc3 dxc4 5. a4 e6 6. e3 c5 7. Bxc4 Nc6 8. 0-0 cxd4 9. exd4 Be7 10. Qe2 0-0 11. Rd1 Nb4 12. Ne5 Bd7 13. d5 exd5 14. Nxd5 Nbxd5 15. Bxd5 Nxd5 16. Rxd5 Bg4 17. Qc4 Qxd5 18. Qxd5 Rad8 19. Qb3 Rd1+ 20. Qxd1 Bxd1 21. Bg5 Bxg5 22. Rxd1 Rc8 23. b3 Rc3 24. f4 Bf6 25. Rd3 Rxd3 26. Nxd3 Bd4+ 27. Kf1 f5 28. Ne1 Kf7 29. Ke2 Ke6 30. Nf3 Kd5 31. Kd3 Bf6 32. Ne1 Bd4 33. Nf3 Bf6 34. Ne1 Bd4 35. Nf3 1/2-1/2

[Event "SWE-chT 1415 Elite"]
[Site "Sweden"]
[Date "2015.01.17"]
[Round "4"]
[White "Eriksson, Anders"]
[Black "Hjelm, Niclas"]
[Result "1/2-1/2"]
[WhiteElo "2278"]
[BlackElo "2321"]
[PlyCount "63"]
[EventDate "2014.11.21"]
[EventType "team-tourn"]
[EventRounds "9"]
[EventCountry "SWE"]
[SourceTitle "EXT 2016"]
[Source "ChessBase"]
[SourceDate "2015.10.08"]
[SourceVersion "1"]
[SourceVersionDate "2015.10.08"]
[SourceQuality "1"]
[WhiteTeam "Vasteras"]
[BlackTeam "Farsta"]
[WhiteTeamCountry "SWE"]
[BlackTeamCountry "SWE"]

1. Nf3 Nf6 2. c4 c6 3. g3 g6 4. Bg2 Bg7 5. 0-0 0-0 6. d4 d5 7. b3 dxc4 8. bxc4 c5 9. Bb2 Ne4 10. Nbd2 Nxd2 11. Qxd2 cxd4 12. Nxd4 Nc6 13. e3 Bg4 14. h3 Bd7 15. Rfd1 Qc8 16. Nxc6 Bxc6 17. Bxg7 Kxg7 18. Qd4+ Kg8 19. Bxc6 Qxc6 20. Qd7 Qxc4 21. Qxe7 b5 22. Rd4 Qe2 23. a4 a5 24. axb5 Qxb5 25. Qa3 Rfc8 26. Rad1 a4 27. Rb4 Qh5 28. Rf1 Qxh3 29. Rxa4 Rxa4 30. Qxa4 Qf5 31. Qd4 h5 32. Qf4 1/2-1/2

[Event "SWE-chT 1415 Elite"]
[Site "Sweden"]
[Date "2014.11.22"]
[Round "2"]
[White "Johansson, Gunnar1111"]
[Black "Hjelm, Niclas"]
[Result "1/2-1/2"]
[WhiteElo "2252"]
[BlackElo "2321"]
[PlyCount "46"]
[EventDate "2014.11.21"]
[EventType "team-tourn"]
[EventRounds "9"]
[EventCountry "SWE"]
[SourceTitle "EXT 2016"]
[Source "ChessBase"]
[SourceDate "2015.10.08"]
[SourceVersion "1"]
[SourceVersionDate "2015.10.08"]
[SourceQuality "1"]
[WhiteTeam "Solna"]
[BlackTeam "Farsta"]
[WhiteTeamCountry "SWE"]
[BlackTeamCountry "SWE"]

1. d4 d5 2. c4 c6 3. Nf3 Nf6 4. e3 Bf5 5. Nc3 e6 6. Nh4 Bg6 7. Nxg6 hxg6 8. Bd2 Nbd7 9. g3 Bb4 10. Qb3 Ba5 11. Bg2 0-0 12. 0-0 Nb6 13. cxd5 exd5 14. Ne4 Bxd2 15. Nxd2 Re8 16. Qc2 a5 17. Rab1 Re7 18. Rfc1 Nc8 19. Nf3 Nd6 20. Ne5 Nd7 21. Nd3 Nf6 22. Ne5 Nd7 23. Nd3 Nf6 1/2-1/2

[Event "SWE-chT2 1213"]
[Site "Sweden"]
[Date "2012.10.21"]
[Round "2"]
[White "Alm, Hakan"]
[Black "Hjelm, Niclas"]
[Result "1/2-1/2"]
[WhiteElo "2288"]
[BlackElo "2317"]
[PlyCount "62"]
[EventDate "2012.10.20"]
[EventType "team-tourn"]
[EventRounds "9"]
[EventCountry "SWE"]
[SourceTitle "EXT 2015"]
[Source "ChessBase"]
[SourceDate "2014.11.20"]
[SourceVersion "1"]
[SourceVersionDate "2014.11.20"]
[SourceQuality "1"]
[WhiteTeam "Orebro"]
[BlackTeam "Farsta"]
[WhiteTeamCountry "SWE"]
[BlackTeamCountry "SWE"]

1. c4 c6 2. d4 d5 3. cxd5 cxd5 4. Nf3 Nf6 5. Nc3 Nc6 6. Bf4 Ne4 7. e3 Nxc3 8. bxc3 e6 9. Bd3 Bd6 10. 0-0 Qc7 11. Bxd6 Qxd6 12. e4 dxe4 13. Bxe4 0-0 14. Rb1 b6 15. Re1 Bd7 16. Ne5 Rac8 17. Qh5 g6 18. Qh4 Nxe5 19. dxe5 Qa3 20. Rbd1 Ba4 21. Rb1 Rxc3 22. Qf6 Re8 23. h4 Qe7 24. Qf4 Rec8 25. h5 Bc2 26. Bxc2 Rxc2 27. h6 R2c4 28. Qd2 Rc2 29. Qf4 R2c4 30. Qe3 Rc3 31. Qd2 Rc2 1/2-1/2

[Event "SWE-chT2 1112"]
[Site "Sweden"]
[Date "2012.03.10"]
[Round "8"]
[White "Wahlbom, Magnus"]
[Black "Hjelm, Niclas"]
[Result "1/2-1/2"]
[WhiteElo "2288"]
[BlackElo "2313"]
[PlyCount "41"]
[EventDate "2011.10.22"]
[EventType "team-tourn"]
[EventRounds "9"]
[EventCountry "SWE"]
[SourceTitle "EXT 2013"]
[Source "ChessBase"]
[SourceDate "2012.11.22"]
[SourceVersion "1"]
[SourceVersionDate "2012.11.22"]
[SourceQuality "1"]
[WhiteTeam "Rodeby"]
[BlackTeam "Farsta"]
[WhiteTeamCountry "SWE"]
[BlackTeamCountry "SWE"]

1. d4 d5 2. c4 c6 3. Nf3 Nf6 4. Nc3 dxc4 5. a4 e6 6. Ne5 c5 7. e3 cxd4 8. exd4 Be7 9. Bxc4 0-0 10. 0-0 Nc6 11. Nf3 Nb4 12. Qe2 Bd7 13. Rd1 Bc6 14. Ne5 Bd5 15. Nxd5 Nfxd5 16. Ra3 Bg5 17. Bxg5 Qxg5 18. Rg3 Qf5 19. Rf3 Qg5 20. Rg3 Qf5 21. Rf3 1/2-1/2

[Event "SWE-chT 1011"]
[Site "Sweden"]
[Date "2011.03.12"]
[Round "10"]
[White "Hjelm, Niclas"]
[Black "Kockum, Anton Frisk"]
[Result "0-1"]
[WhiteElo "2334"]
[BlackElo "2322"]
[PlyCount "74"]
[EventDate "2010.10.08"]
[EventType "team-tourn"]
[EventRounds "11"]
[EventCountry "SWE"]
[SourceTitle "EXT 2012"]
[Source "ChessBase"]
[SourceDate "2011.11.24"]
[SourceVersion "1"]
[SourceVersionDate "2011.11.24"]
[SourceQuality "1"]
[WhiteTeam "Farsta"]
[BlackTeam "Orgryte"]
[WhiteTeamCountry "SWE"]
[BlackTeamCountry "SWE"]

1. d4 Nf6 2. c4 e6 3. Nf3 Bb4+ 4. Nbd2 b6 5. e3 Bb7 6. Bd3 c5 7. dxc5 Bxc5 8. 0-0 0-0 9. a3 a5 10. b3 d5 11. Bb2 Nc6 12. cxd5 Qxd5 13. Qb1 Qh5 14. Rd1 Rad8 15. Qc2 Kh8 16. Be2 Qh6 17. Nf1 Rc8 18. Rac1 Ne7 19. Qb1 Nf5 20. Nd4 Nh4 21. g3 Be4 22. Qa1 e5 23. gxh4 exd4 24. Bxd4 Qxh4 25. Ng3 Bb7 26. Bxc5 Rxc5 27. Rxc5 bxc5 28. Qe5 Ng4 29. Qxg7+ Kxg7 30. Nf5+ Kf6 31. Nxh4 Rg8 32. Kf1 Nxh2+ 33. Ke1 Rg1+ 34. Kd2 Rxd1+ 35. Bxd1 Kg5 36. Kc3 Kxh4 37. Kc4 Ng4 0-1

[Event "SWE-chT 1011"]
[Site "Sweden"]
[Date "2011.03.11"]
[Round "9"]
[White "Hamark, Jesper"]
[Black "Hjelm, Niclas"]
[Result "1/2-1/2"]
[WhiteElo "2331"]
[BlackElo "2334"]
[PlyCount "77"]
[EventDate "2010.10.08"]
[EventType "team-tourn"]
[EventRounds "11"]
[EventCountry "SWE"]
[SourceTitle "EXT 2012"]
[Source "ChessBase"]
[SourceDate "2011.11.24"]
[SourceVersion "1"]
[SourceVersionDate "2011.11.24"]
[SourceQuality "1"]
[WhiteTeam "Kamraterna"]
[BlackTeam "Farsta"]
[WhiteTeamCountry "SWE"]
[BlackTeamCountry "SWE"]

1. c4 c6 2. g3 d5 3. Nf3 Nf6 4. Bg2 Bf5 5. cxd5 cxd5 6. Qb3 Qb6 7. Nc3 Qxb3 8. axb3 Nc6 9. d3 e6 10. 0-0 Be7 11. Be3 0-0 12. Nd4 Nxd4 13. Bxd4 a6 14. e4 Bg6 15. exd5 Nxd5 16. Nxd5 exd5 17. Rfe1 Bb4 18. Bc3 Bxc3 19. bxc3 Rac8 20. c4 dxc4 21. dxc4 Rc7 22. Bd5 Rfc8 23. Ra4 Bc2 24. Rb4 g5 25. Rc1 Bf5 26. Rxb7 Rxb7 27. Bxb7 Rb8 28. Bxa6 Rxb3 29. c5 Kf8 30. c6 Rb6 31. Be2 Ke7 32. h3 Kd6 33. Bf3 Rb1 34. Rxb1 Bxb1 35. h4 h6 36. Kg2 Bf5 37. g4 Bd3 38. Kg3 Bb5 39. hxg5 1/2-1/2

[Event "SWE-chT 1011"]
[Site "Sweden"]
[Date "2011.02.05"]
[Round "7"]
[White "Hjelm, Niclas"]
[Black "Eriksson, Anders"]
[Result "0-1"]
[WhiteElo "2334"]
[BlackElo "2316"]
[PlyCount "68"]
[EventDate "2010.10.08"]
[EventType "team-tourn"]
[EventRounds "11"]
[EventCountry "SWE"]
[SourceTitle "EXT 2012"]
[Source "ChessBase"]
[SourceDate "2011.11.24"]
[SourceVersion "1"]
[SourceVersionDate "2011.11.24"]
[SourceQuality "1"]
[WhiteTeam "Farsta"]
[BlackTeam "Vasteras"]
[WhiteTeamCountry "SWE"]
[BlackTeamCountry "SWE"]

1. d4 Nf6 2. c4 c5 3. d5 b5 4. cxb5 a6 5. bxa6 Bxa6 6. Nc3 d6 7. e4 Bxf1 8. Kxf1 g6 9. Nf3 Bg7 10. g3 0-0 11. Kg2 Nbd7 12. Re1 Qa5 13. e5 dxe5 14. Nxe5 Nxe5 15. Rxe5 Rfe8 16. Qe2 Kf8 17. Bg5 Qa6 18. Qf3 Rab8 19. Re2 Rb4 20. Rae1 Rd4 21. Bf4 Rd3 22. Re3 Rxe3 23. Rxe3 Nd7 24. Re2 Bd4 25. h4 Nf6 26. Rd2 Qc4 27. d6 exd6 28. Bxd6+ Kg7 29. Bf4 Re1 30. Qd3 Qb4 31. Qf3 h5 32. Bg5 Ng4 33. Ne4 Qc4 34. Nd6 Qf1# 0-1

[Event "SWE-chT 1011"]
[Site "Sweden"]
[Date "2010.11.13"]
[Round "4"]
[White "Hjelm, Niclas"]
[Black "Andersson, Fredrik1111"]
[Result "0-1"]
[WhiteElo "2334"]
[BlackElo "2292"]
[PlyCount "62"]
[EventDate "2010.10.08"]
[EventType "team-tourn"]
[EventRounds "11"]
[EventCountry "SWE"]
[SourceTitle "EXT 2012"]
[Source "ChessBase"]
[SourceDate "2011.11.24"]
[SourceVersion "1"]
[SourceVersionDate "2011.11.24"]
[SourceQuality "1"]
[WhiteTeam "Farsta"]
[BlackTeam "Upsala"]
[WhiteTeamCountry "SWE"]
[BlackTeamCountry "SWE"]

1. d4 Nf6 2. c4 g6 3. Nc3 Bg7 4. Nf3 0-0 5. Bg5 c5 6. d5 d6 7. e3 h6 8. Bh4 a6 9. Nd2 Qb6 10. Rb1 e6 11. Bd3 Qc7 12. a4 Re8 13. 0-0 Nbd7 14. h3 exd5 15. cxd5 Ne5 16. Be2 g5 17. Bg3 Bf5 18. e4 Bg6 19. Kh1 Rab8 20. f4 gxf4 21. Bxf4 Nfd7 22. Nf3 c4 23. Qd2 Kh7 24. Nd4 Nc5 25. Qe3 Ned3 26. Bxd3 cxd3 27. Rbc1 Qd7 28. Nf3 Nxe4 29. Nxe4 Rxe4 30. Qa7 Rbe8 31. Nh4 Bd4 0-1

[Event "SWE-chT 1011"]
[Site "Sweden"]
[Date "2010.10.10"]
[Round "3.3"]
[White "Schneider, Stefan"]
[Black "Hjelm, Niclas"]
[Result "1-0"]
[WhiteElo "2360"]
[BlackElo "2334"]
[PlyCount "61"]
[EventDate "2010.10.08"]
[EventType "team-tourn"]
[EventRounds "11"]
[EventCountry "SWE"]
[SourceTitle "CBM 138 Extra"]
[Source "ChessBase"]
[SourceDate "2010.10.29"]
[SourceVersion "1"]
[SourceVersionDate "2010.10.29"]
[SourceQuality "1"]
[WhiteTeam "Limhamn"]
[BlackTeam "Farsta"]
[WhiteTeamCountry "SWE"]
[BlackTeamCountry "SWE"]

1. d4 d5 2. Bg5 h6 3. Bh4 c6 4. e3 Qb6 5. Qc1 e5 6. Nf3 exd4 7. exd4 Be7 8. Bxe7 Nxe7 9. Bd3 Bg4 10. Nbd2 Nd7 11. 0-0 0-0 12. Re1 Rae8 13. c3 Bh5 14. Qc2 Bg6 15. b4 Bxd3 16. Qxd3 Ng6 17. Qf5 Qc7 18. g3 Ne7 19. Qd3 Nc8 20. a4 a6 21. Kg2 Qd6 22. Nb3 Ncb6 23. Nc5 Qc7 24. Nh4 Nc4 25. Nf5 Nf6 26. Qf3 Kh7 27. a5 Qc8 28. Qf4 g5 29. Qf3 Nd2 30. Qd3 Nde4 31. Nd6 1-0

[Event "SWE-chB"]
[Site "Lund"]
[Date "2010.07.10"]
[Round "8"]
[White "Hjelm, Niclas"]
[Black "Gajic, Mladen"]
[Result "1-0"]
[WhiteElo "2336"]
[BlackElo "2293"]
[PlyCount "83"]
[EventDate "2010.07.03"]
[EventType "tourn"]
[EventRounds "9"]
[EventCountry "SWE"]
[EventCategory "3"]
[SourceTitle "CBM 137 Extra"]
[Source "ChessBase"]
[SourceDate "2010.09.01"]
[SourceVersion "1"]
[SourceVersionDate "2010.09.01"]
[SourceQuality "1"]

1. d4 d5 2. c4 c6 3. Nc3 e6 4. e3 Nf6 5. Nf3 Nbd7 6. Qc2 Bd6 7. b3 0-0 8. Bb2 b6 9. Bd3 Bb7 10. 0-0 Re8 11. Rfe1 h6 12. Rad1 Qc7 13. cxd5 exd5 14. Rc1 a6 15. Ne2 Ne4 16. Ng3 Ndf6 17. Ne5 Nxg3 18. hxg3 c5 19. a4 Qe7 20. f4 Rec8 21. Qe2 Nd7 22. Bf5 Bc6 23. Qg4 Nf6 24. Qh3 Rc7 25. g4 Bxe5 26. dxe5 Ne4 27. Red1 b5 28. g5 Bd7 29. Rxd5 Bxf5 30. Qxf5 Ng3 31. Qg4 Qe6 32. Qxe6 fxe6 33. Rdxc5 Rb7 34. Kh2 Ne4 35. Rc8+ Rxc8 36. Rxc8+ Kh7 37. a5 hxg5 38. fxg5 b4 39. Rc6 Nd2 40. Rxe6 Nxb3 41. Rxa6 Nc5 42. Rc6 1-0

[Event "SWE-chB"]
[Site "Lund"]
[Date "2010.07.09"]
[Round "7"]
[White "Blomqvist, Erik"]
[Black "Hjelm, Niclas"]
[Result "1/2-1/2"]
[WhiteElo "2407"]
[BlackElo "2336"]
[PlyCount "183"]
[EventDate "2010.07.03"]
[EventType "tourn"]
[EventRounds "9"]
[EventCountry "SWE"]
[EventCategory "3"]
[SourceTitle "CBM 137 Extra"]
[Source "ChessBase"]
[SourceDate "2010.09.01"]
[SourceVersion "1"]
[SourceVersionDate "2010.09.01"]
[SourceQuality "1"]

1. d4 d5 2. c4 c6 3. Nf3 Nf6 4. Nc3 dxc4 5. a4 e6 6. e3 c5 7. Bxc4 Nc6 8. 0-0 cxd4 9. exd4 Be7 10. Qe2 0-0 11. Rd1 Nb4 12. Bg5 Bd7 13. d5 exd5 14. Nxd5 Nbxd5 15. Bxd5 Nxd5 16. Rxd5 Bxg5 17. Nxg5 h6 18. Rad1 hxg5 19. Rxd7 Qb6 20. g3 Rac8 21. Qd2 Qb3 22. Qxg5 Qxa4 23. Qd5 b6 24. b3 Qa3 25. Rd3 a5 26. Qb5 Qc1+ 27. Kg2 Qc6+ 28. R3d5 Qxb5 29. Rxb5 Rc6 30. Rb7 g6 31. R7xb6 Rxb6 32. Rxb6 Ra8 33. f4 a4 34. bxa4 Rxa4 35. Kf3 Kg7 36. Kg4 Ra2 37. h3 Ra5 38. Rb3 Rc5 39. Re3 Kf6 40. h4 Rc1 41. h5 gxh5+ 42. Kxh5 Rh1+ 43. Kg4 Ra1 44. Re5 Ra3 45. Rb5 Ra6 46. Kh5 Kg7 47. Rg5+ Kf8 48. Rg4 Ke7 49. Rg8 Kf6 50. Kh6 Ra1 51. Rg4 Rh1+ 52. Rh4 Rg1 53. Rh3 Rg2 54. Kh5 Kf5 55. Kh4 Rg1 56. Rh2 Ra1 57. g4+ Kg6 58. Rb2 Rh1+ 59. Kg3 Rg1+ 60. Kh3 Rh1+ 61. Kg2 Ra1 62. Rb6+ Kg7 63. Kg3 Ra4 64. Rb5 Rc4 65. Rg5+ Kf6 66. Ra5 Kg6 67. Ra6+ Kg7 68. g5 Rc5 69. Kg4 Rc4 70. Rd6 Ra4 71. Rb6 Rc4 72. Kf5 Ra4 73. Rb5 Ra1 74. Re5 Rb1 75. Re4 Rb5+ 76. Re5 Rb1 77. Rc5 Ra1 78. Rc4 Rb1 79. Ke4 Rg1 80. Ke5 Re1+ 81. Re4 Rg1 82. Kd6 Rg2 83. Re5 Rg1 84. Ke7 Rg2 85. f5 Rf2 86. Ke8 Rf1 87. Ke7 Rf2 88. Ke8 Rf1 89. f6+ Kg6 90. Kf8 Ra1 91. Ke7 Ra7+ 92. Kd6 1/2-1/2

[Event "SWE-chT 0910"]
[Site "Sweden"]
[Date "2010.03.14"]
[Round "11"]
[White "Hjelm, Niclas"]
[Black "Schneider, Stefan"]
[Result "1/2-1/2"]
[WhiteElo "2339"]
[BlackElo "2351"]
[PlyCount "22"]
[EventDate "2009.10.16"]
[EventType "team"]
[EventRounds "11"]
[EventCountry "SWE"]
[SourceTitle "EXT 2011"]
[Source "ChessBase"]
[SourceDate "2010.11.26"]
[SourceVersion "1"]
[SourceVersionDate "2010.11.26"]
[SourceQuality "1"]
[WhiteTeam "Farsta"]
[BlackTeam "Limhamn"]
[WhiteTeamCountry "SWE"]
[BlackTeamCountry "SWE"]

1. d4 Nf6 2. c4 c6 3. Nc3 d5 4. e3 a6 5. Qc2 e6 6. Nf3 c5 7. dxc5 Bxc5 8. a3 0-0 9. b4 Bd6 10. Bb2 Nc6 11. Be2 dxc4 1/2-1/2

[Event "SWE-chT 0809"]
[Site "Sweden"]
[Date "2009.03.14"]
[Round "10"]
[White "Hjelm, Niclas"]
[Black "Cicak, Slavko"]
[Result "0-1"]
[WhiteElo "2382"]
[BlackElo "2596"]
[PlyCount "92"]
[EventDate "2008.10.25"]
[EventType "team-tourn"]
[EventRounds "11"]
[EventCountry "SWE"]
[SourceTitle "EXT 2011"]
[Source "ChessBase"]
[SourceDate "2010.11.26"]
[SourceVersion "1"]
[SourceVersionDate "2010.11.26"]
[SourceQuality "1"]

1. Nf3 c5 2. g3 g6 3. Bg2 Bg7 4. 0-0 Nc6 5. c4 b6 6. e3 Bb7 7. Nc3 Na5 8. d3 Nf6 9. Bd2 0-0 10. a3 Nc6 11. Qe2 e6 12. Rab1 d6 13. b4 Qd7 14. Rfd1 Rad8 15. d4 cxd4 16. exd4 Ne7 17. Bf4 Nh5 18. Bd2 Rc8 19. Be1 Ba6 20. b5 Bb7 21. Rbc1 Nf5 22. d5 e5 23. Na2 Rce8 24. Nd2 Nd4 25. Qf1 f5 26. Nb4 f4 27. Ne4 Bc8 28. Nc6 f3 29. Rxd4 fxg2 30. Qxg2 exd4 31. Bb4 d3 32. Nxd6 d2 33. Rf1 Re2 34. Nxc8 Rxc8 35. d6 Nf6 36. Qf3 Rce8 37. Ne7+ R8xe7 38. dxe7 d1Q 39. Rxd1 Qxd1+ 40. Kg2 Kf7 41. Qa8 Rxf2+ 42. Kxf2 Ng4+ 43. Kg2 Qe2+ 44. Kh3 Qf1+ 45. Kxg4 Qf5+ 46. Kh4 Bf6# 0-1